Agatha Christie Bibliography - Statistics

General Stats
  • This quiz has been taken 470 times
    40 since last reset
  • The average score is 301 of 376
Answer Stats
Type Year Name % Correct
Novel 1939 And Then There Were None
97%
Play 1943 And Then There Were None
97%
Novel 1934 Murder on the Orient Express
97%
Novel 1950 A Murder Is Announced
93%
Short Story 1934 Death on the Nile
93%
Novel 1937 Death on the Nile
93%
Novel 1937 Dumb Witness
93%
Novel 1972 Elephants Can Remember
93%
Novel 1967 Endless Night
93%
Novel 1969 Hallowe'en Party
93%
Novel 1955 Hickory Dickory Dock
93%
Novel 1939 Murder is Easy
93%
Novel 1976 Sleeping Murder: Miss Marple's Last Case
93%
Novel 1945 Sparkling Cyanide
93%
Novel 1936 The A.B.C. Murders
93%
Novel 1927 The Big Four
93%
Short Story Collection 2017 The Big Four - The Detective Club
93%
Play 1952 The Mousetrap
93%
Novel 1926 The Murder of Roger Ackroyd
93%
Novel 1923 The Murder on the Links
93%
Novel 1961 The Pale Horse
93%
Novel 1925 The Secret of Chimneys
93%
Novel 1964 A Caribbean Mystery
90%
Novel 1953 After the Funeral
90%
Novel 1968 By the Pricking of My Thumbs
90%
Novel 1949 Crooked House
90%
Novel 1975 Curtain
90%
Novel 1935 Death in the Clouds
90%
Novel 1942 Five Little Pigs
90%
Novel 1938 Hercule Poirot's Christmas
90%
Novel 1936 Murder in Mesopotamia
90%
Play 1945 Murder on the Nile
90%
Novel 1971 Nemesis
90%
Novel 1941 N or M?
90%
Novel 1940 One, Two, Buckle My Shoe
90%
Novel 1940 Sad Cypress
90%
Short Story 1932 The Blue Geranium
90%
Novel 1962 The Mirror Crack'd from Side to Side
90%
Novel 1943 The Moving Finger
90%
Novel 1930 The Murder at the Vicarage
90%
Novel 1920 The Mysterious Affair at Styles
90%
Novel 1922 The Secret Adversary
90%
Novel 1931 The Sittaford Mystery
90%
Novel 1966 Third Girl
90%
Short Story 1932 A Christmas Tragedy
86%
Short Story 1934 A Fruitful Sunday
86%
Autobiography 1977 Agatha Christie: An Autobiography
86%
Play 1979 Akhnaton
86%
Short Story 1929 A Pot of Tea
86%
Novel 1938 Appointment with Death
86%
Play 1945 Appointment with Death
86%
Novel 1965 At Bertram's Hotel
86%
Play 1930 Black Coffee
86%
Short Story 1929 Blindman's Buff
86%
Play 2006 Chimneys
86%
Short Story 1997 Christmas Adventure
86%
Short Story 1932 Death by Drowning
86%
Novel 1954 Destination Unknown
86%
Short Story 1974 Double Sin
86%
Novel 1941 Evil Under the Sun
86%
Play 1971 Fiddlers Three
86%
Short Story 1929 Finessing the King/The Gentleman Dressed in Newspaper
86%
Novel 1930 Giant's Bread
86%
Short Story 1960 Greenshaw's Folly
86%
Short Story 1930 Harlequin's Lane
86%
Short Story 1932 Ingots of Gold
86%
Novel 1933 Lord Edgware Dies
86%
Short Story 1932 Motive v. Opportunity
86%
Short Story 1934 Mr. Eastwood's Adventure
86%
Novel 1952 Mrs. McGinty's Dead
86%
Short Story 1937 Murder in the Mews
86%
Short Story Collection 1937 Murder in the Mews and Other Stories
86%
Novel 1958 Ordeal by Innocence
86%
Novel 1932 Peril at End House
86%
Poetry Collection 1973 Poems
86%
Short Story Collection 1922 Poirot Investigates
86%
Short Story Collection 1974 Poirot's Early Cases
86%
Novel 1973 Postern of Fate
86%
Short Story 1939 Problem at Sea
86%
Short Story 1974 Problem at Sea
86%
Play 1962 Rule of Three
86%
Short Story 1979 Sanctuary
86%
Play 1954 Spider's Web
86%
Writings Collection 1965 Star Over Bethlehem
86%
Short Story 1965 Star Over Bethlehem
86%
Short Story 1979 Strange Jest
86%
Short Story Collection 1965 Surprise! Surprise! A Collection of Mystery Stories with Unexpected Endings
86%
Novel 1948 Taken at the Flood
86%
Short Story 1997 The Actress
86%
Short Story 1922 The Adventure of the Cheap Flat
86%
Short Story 1929 The Ambassador's Boots
86%
Short Story 1947 The Arcadian Deer
86%
Short Story 1947 The Augean Stables
86%
Short Story 2017 The Baited Trap
86%
Short Story 1932 The Blood-Stained Pavement
86%
Short Story 1933 The Call of Wings
86%
Short Story 2017 The Chess Problem
86%
Short Story 1974 The Chocolate Box
86%
Short Story 1929 The Clergyman's Daughter/The Red House
86%
Novel 1963 The Clocks
86%
Short Story 1932 The Companion
86%
Short Story 1974 The Cornish Mystery
86%
Short Story 1929 The Crackler
86%
Short Story 1947 The Cretan Bull
86%
Short Story 1930 The Dead Harlequin
86%
Short Story 1974 The Double Clue
86%
Short Story 1939 The Dream
86%
Short Story 1960 The Dream
86%
Short Story 2017 The Dying Chinaman
86%
Short Story 1997 The Edge
86%
Short Story 1947 The Erymanthian Boar
86%
Short Story 1930 The Face of Helen
86%
Novel 1931 The Floating Admiral
86%
Short Story 1932 The Four Suspects
86%
Short Story 1933 The Fourth Man
86%
Short Story 1934 The Gate of Baghdad
86%
Short Story 1934 The Golden Ball
86%
Travel Book 2012 The Grand Tour: Around the World with the Queen of Mystery
86%
Short Story 1933 The Gypsy
86%
Short Story 1991 The Harlequin Tea Set
86%
Short Story Collection 1997 The Harlequin Tea Set
86%
Short Story 1932 The Herb of Death
86%
Novel 1946 The Hollow
86%
Play 1951 The Hollow
86%
Short Story 1933 The Hound of Death
86%
Short Story Collection 1933 The Hound of Death and Other Stories
86%
Short Story 1934 The House at Shiraz
86%
Short Story 1937 The Incredible Theft
86%
Short Story 1974 The King of Clubs
86%
Short Story 1933 The Lamp
86%
Short Story 1933 The Last Seance
86%
Short Story 1974 The Lemesurier Insurance
86%
Short Story 1947 The Lernean Hydra
86%
Play 2018 The Lie
86%
Short Story Collection 1934 The Listerdale Mystery
86%
Short Story 1934 The Listerdale Mystery
86%
Short Story 1997 The Lonely God
86%
Short Story 1974 The Lost Mine
86%
Short Story 1991 The Love Detectives
86%
Novel 1924 The Man in the Brown Suit
86%
Novel 1928 The Mystery of the Blue Train
86%
Short Story 1947 The Nemean Lion
86%
Short Story 1934 The Pearl of Price
86%
Short Story 1974 The Plymouth Express
86%
Short Story 2017 The Radium Thieves
86%
Short Story 1934 The Rajah's Emerald
86%
Short Story 1933 The Red Signal
86%
Short Story Collection 1939 The Regatta Mystery
86%
Short Story 1939 The Regatta Mystery
86%
Short Story 1991 The Regatta Mystery
86%
Poetry Collection 1925 The Road of Dreams
86%
Poem 1925 The Road of Dreams
86%
Short Story 1991 The Second Gong
86%
Novel 1929 The Seven Dials Mystery
86%
Short Story 1947 The Stymphalean Birds
86%
Short Story 1974 The Submarine Plans
86%
Short Story 1929 The Sunningdale Mystery
86%
Short Story 2017 The Terrible Catastrophe
86%
Short Story 1974 The Third-Floor Flat
86%
Short Story Collection 1932 The Thirteen Problems
86%
Short Story 1929 The Unbreakable Alibi
86%
Short Story 1960 The Under Dog
86%
Play 1958 The Unexpected Guest
86%
Short Story 2017 The Unexpected Guest
86%
Short Story 1974 The Veiled Lady
86%
Short Story 1930 The World's End
86%
Novel 1935 Three Act Tragedy
86%
Short Story 1950 Three Blind Mice
86%
Novel 1944 Towards Zero
86%
Play 1956 Towards Zero
86%
Novel 1934 Unfinished Portrait
86%
Short Story 1974 Wasps' Nest
86%
Novel 1934 Why Didn't They Ask Evans?
86%
Short Story 1933 Wireless
86%
Short Story 1997 Within A Wall
86%
Short Story 1939 Yellow Iris
86%
Short Story 1991 Yellow Iris
86%
Short Story Collection 1961 13 for Luck! A Selection of Mystery Stories for Young Readers
83%
Novel 1957 4.50 from Paddington
83%
Novel 1944 Absent in the Spring
83%
Short Story 1934 Accident
83%
Novel 1952 A Daughter's a Daughter
83%
Short Story 1929 A Fairy in the Flat
83%
Poem 1973 An Island
83%
Novel 1953 A Pocket Full of Rye
83%
Short Story 1930 At the 'Bells and Motley'
83%
Novel 1936 Cards on the Table
83%
Novel 1959 Cat Among the Pigeons
83%
Autobiography + Travel Book 1946 Come, Tell Me How You Live
83%
Novel 1956 Dead Man's Folly
83%
Short Story Collection 1961 Double Sin and Other Stories
83%
Short Story 1960 Four and Twenty Blackbirds
83%
Novel 2014 Hercule Poirot and the Greenshore Folly
83%
Short Story 1939 How Does Your Garden Grow?
83%
Short Story 1974 How Does Your Garden Grow?
83%
Short Story 1939 In a Glass Darkly
83%
Short Story 1979 In a Glass Darkly
83%
Poem 1973 In Baghdad
83%
Short Story 2017 In the House of the Enemy
83%
Short Story 1934 Jane in Search of a Job
83%
Short Story 1991 Magnolia Blossom
83%
Short Story 1997 Manx Gold
83%
Short Story Collection 1934 Parker Pyne Investigates
83%
Short Story Collection 1929 Partners in Crime
83%
Novel 1970 Passenger to Frankfurt: An Extravaganza
83%
Short Story 1934 Philomel Cottage
83%
Short Story Collection 1943 Poirot and the Regatta Mystery
83%
Short Story Collection 1943 Poirot on Holiday
83%
Short Story 1939 Problem at Pollensa Bay
83%
Short Story 1991 Problem at Pollensa Bay
83%
Short Story Collection 1991 Problem at Pollensa Bay and Other Stories
83%
Short Story Collection 1943 Problem at Pollensa Bay and The Christmas Adventure
83%
Short Story 1933 S.O.S.
83%
Short Story 1934 Swan Song
83%
Short Story 1960 The Adventure of the Christmas Pudding
83%
Short Story Collection 1960 The Adventure of the Christmas Pudding and a Selection of Entrées
83%
Short Story 1974 The Adventure of the Clapham Cook
83%
Short Story 2017 The Adventure of the Dartmoor Bungalow
83%
Short Story 1922 The Adventure of the Egyptian Tomb
83%
Short Story 1922 The Adventure of the Italian Nobleman
83%
Short Story 2017 The Adventure of the Peroxide Blond
83%
Short Story 1929 The Adventure of the Sinister Stranger
83%
Short Story 1922 The Adventure of 'The Western Star'
83%
Short Story 1947 The Apples of Hesperides
83%
Novel 1956 The Burden
83%
Short Story 1947 The Capture of Cerberus
83%
Short Story 1979 The Case of the Caretaker
83%
Short Story 1934 The Case of the City Clerk
83%
Short Story 1934 The Case of the Discontented Husband
83%
Short Story 1934 The Case of the Discontented Soldier
83%
Short Story 1934 The Case of the Distressed Lady
83%
Short Story 1934 The Case of the Middle-aged Wife
83%
Short Story 1929 The Case of the Missing Lady
83%
Short Story 1922 The Case of the Missing Will
83%
Short Story 1979 The Case of the Perfect Maid
83%
Short Story 1934 The Case of the Rich Woman
83%
Short Story 2017 The Crag in the Dolomites
83%
Short Story 1922 The Disappearance of Mr. Davenheim
83%
Short Story 1979 The Dressmaker's Doll
83%
Short Story 1947 The Flock of Geryon
83%
Short Story 1947 The Girdle of Hippolyta
83%
Short Story 1934 The Girl in the Train
83%
Short Story Collection 1971 The Golden Ball and Other Stories
83%
Short Story 1947 The Horse of Diomedes
83%
Short Story 1997 The House of Dreams
83%
Short Story 1929 The House of Lurking Death
83%
Short Story 1932 The Idol House of Astarte
83%
Short Story 1965 The Island
83%
Short Story 1922 The Jewel Robbery at the Grand Metropolitan
83%
Short Story 1922 The Kidnapped Prime Minister
83%
Short Story Collection 1947 The Labours of Hercules
83%
Short Story 2017 The Lady on the Stairs
83%
Short Story 1930 The Man from the Sea
83%
Short Story 1934 The Manhood of Edward Robinson
83%
Short Story 1929 The Man in the Mist
83%
Short Story 1974 The Market Basing Industry
83%
Short Story 1922 The Million Dollar Bond Robbery
83%
Short Story Collection 1930 The Mysterious Mr. Quin
83%
Short Story 1922 The Mystery of Hunter's Lodge
83%
Short Story 1939 The Mystery of the Baghdad Chest
83%
Short Story Collection 1943 The Mystery of the Baghdad Chest
83%
Short Story 1997 The Mystery of the Baghdad Chest
83%
Short Story 1933 The Mystery of the Blue Jar
83%
Short Story 1960 The Mystery of the Spanish Chest
83%
Short Story 1965 The Naughty Donkey
83%
Novel 1948 The Rose and the Yew Tree
83%
Short Story 1930 The Shadow on the Glass
83%
Short Story 1930 The Sign in the Sky
83%
Short Story 1930 The Soul of the Croupier
83%
Short Story 1933 The Strange Case of Sir Arthur Carmichael
83%
Short Story 1932 The Thumb Mark of St. Peter
83%
Short Story 1922 The Tragedy at Mardson Manor
83%
Short Story 1932 The Tuesday Night Club
83%
Short Story Collection 1951 The Under Dog and Other Stories
83%
Short Story Collection 1944 The Veiled Lady and the Mystery of the Baghdad Chest
83%
Short Story 1930 The Voice in the Dark
83%
Short Story 1933 The Witness for the Prosecution
83%
Short Story 2017 The Yellow Jasmine Mystery
83%
Short Story Collection 1950 Three Blind Mice and Other Stories
83%
Short Story 1937 Triangle at Rhodes
83%
Poem 1973 Undine
83%
Play 1958 Verdict
83%
Short Story Collection 1997 When the Love Lasts and Other Stories
83%
Short Story 1997 While the Light Lasts
83%
Play 1953 Witness for the Prosecution
83%
Short Story Collection 1966 13 Clues for Miss Marple
79%
Poem 1925 Beatrice Passes
79%
Short Story 1937 Dead Man's Mirror
79%
Novel 1945 Death Comes as the End
79%
Poem 1925 Easter, 1918
79%
Poem 1925 Elizabeth of England
79%
Play 1960 Go Back for Murder
79%
Poem 1925 Harlequin's Song
79%
Short Story 1934 Have You Got Everything You Want?
79%
Poem 1925 Love Passes
79%
Short Story Collection 1979 Miss Marple's Final Cases and Two Other Stories
79%
Short Story 1939 Miss Marple Tells a Story
79%
Short Story 1979 Miss Marple Tells a Story
79%
Short Story 1991 Next to a Dog
79%
Poem 1973 Picnic, 1960
79%
Poem 1973 Racial Musings
79%
Short Story 1934 Sing a Song of Sixpence
79%
Short Story 1979 Tape-Measure Murder
79%
Short Story 1974 The Adventure of Johnnie Waverly
79%
Short Story 1932 The Affair at the Bungalow
79%
Short Story 1974 The Affair at the Victory Ball
79%
Short Story 1929 The Affair of the Pink Pearl
79%
Novel 1942 The Body in the Library
79%
Short Story 1934 The Oracle at Delphi
79%
Short Story 1965 The Water Bus
79%
Short Story Collection 1948 The Witness for the Prosecution and Other Stories
79%
Novel 1951 They Came to Baghdad
79%
Novel 1952 They Do It with Mirrors
79%
Poem 1965 A Greeting
76%
Poem 1925 A Passing
76%
Poem 1965 A Wreath for Christmas
76%
Poem 1973 Enchantment
76%
Poem 1925 Heritage
76%
Poem 1925 Hymn to Ra
76%
Poem 1925 Prologue: Sung by Columbine
76%
Short Story 1930 The Bird with the Broken Wing
76%
Short Story 1930 The Coming of Mr. Quin
76%
Short Story Collection 1943 The Crime in Cabin 66
76%
Poem 1973 The Nile
76%
Poem 1973 Dartmoor
72%
Poem 1973 From a Grown-up to a Child
72%
Short Story 1965 In the Cool of the Evening
72%
Short Story 1965 Promotion in the Highest
72%
Poem 1925 Pulcinella
72%
Short Story 1929 The Man Who Was No. 16
72%
Short Story 1926 The Wife of the Kenite
72%
Poem 1973 What Is Love?
72%
Poem 1925 Spring
69%
Poem 1925 Wild Roses
69%
Poem 1925 Young Morning
69%
Poem 1965 Jenny by the Sky
66%
Poem 1925 Progression
66%
Poem 1973 Remembrance
66%
Poem 1925 The Princess Sings...
66%
Poem 1925 The Wanderer
66%
Poem 1925 World Hymn, 1914
66%
Poem 1973 A Choice
62%
Poem 1973 Calvary
62%
Poem 1965 The Saints of God
62%
Poem 1925 Columbine's Song
59%
Poem 1925 Dark Sheila
59%
Poem 1973 I Wore My New Canary Suit
59%
Poem 1925 Pierrot Grown Old
59%
Poem 1973 The Water Flows
59%
Poem 1973 My Flower Garden
55%
Poem 1925 The Bells of Brittany
55%
Poem 1973 To a Cedar Tree
55%
Poem 1973 Beauty
52%
Poem 1925 Epilogue: Spoken by Punchinello
52%
Poem 1925 Pierrot's Song to the Moon
52%
Poem 1925 A Palm Tree in Egypt
48%
Poem 1973 A Wandering Tune
48%
Poem 1965 Gold, Frankincense and Myrrh
48%
Poem 1925 To a Beautiful Old Lady
48%
Poem 1973 Islot of Brittany
45%
Poem 1925 In a Dispensary
41%
Poem 1925 The Dream City
41%
Poem 1925 Down in the Wood
38%
Poem 1925 The Dream Spinners
31%
Poem 1925 The Last Song of Columbine
31%
Poem 1925 There Where My Lover Lies
28%
Poem 1973 The Sculptor
28%
Poem 1925 Ballad of the Maytime
24%
Poem 1973 Hawthorn Trees in Spring
24%
Poem 1925 The Ballad of the Flint
24%
Poem 1973 Ctesiphon
21%
Poem 1973 The Lament of the Tortured Lover
21%
Poem 1925 Pierrette Dancing on the Green
17%
Poem 1973 To M.E.L.M. in Absence
7%
Poem 1973 Count Fersen to the Queen
0%
Poem 1925 The Song of Pierrot by the Hearth
0%
No matching quizzes found
Score Distribution
Percent of People with Each Score
Percentile by Number Answered
Your Score History
You have not taken this quiz since the last reset